Cómo construir el mundo del siglo XXI / (Registro nro. 17634)
[ vista simple ]
| 000 -LEADER | |
|---|---|
| fixed length control field | 00743nam a2200217 a 4500 |
| 005 - DATE AND TIME OF LATEST TRANSACTION | |
| control field | 20250331184354.0 |
| 007 - PHYSICAL DESCRIPTION FIXED FIELD--GENERAL INFORMATION | |
| fixed length control field | ta |
| 008 - FIXED-LENGTH DATA ELEMENTS--GENERAL INFORMATION | |
| fixed length control field | 961221s1996 ck c gr 000 0 spa |
| 015 ## - NATIONAL BIBLIOGRAPHY NUMBER | |
| National bibliography number | ck-1996-xxxx |
| 020 ## - INTERNATIONAL STANDARD BOOK NUMBER | |
| International Standard Book Number | 9583301760 |
| 040 ## - CATALOGING SOURCE | |
| Original cataloging agency | CO-CtgCURN |
| Language of cataloging | spa |
| Transcribing agency | coctgcurn |
| 082 04 - DEWEY DECIMAL CLASSIFICATION NUMBER | |
| Classification number | 303.4909 |
| Item number | R741 |
| Edition information | 20 |
| 100 1# - MAIN ENTRY--PERSONAL NAME | |
| Personal name | Rojas Rodríguez, Humberto, |
| Dates associated with a name | 1932- |
| 245 10 - TITLE STATEMENT | |
| Title | Cómo construir el mundo del siglo XXI / |
| Statement of responsibility, etc. | Humberto Rojas Rodríguez. |
| 250 ## - EDITION STATEMENT | |
| Edition statement | 2a. ed. |
| 260 ## - PUBLICATION, DISTRIBUTION, ETC. | |
| Place of publication, distribution, etc. | Bogotá : |
| Name of publisher, distributor, etc. | Agora, |
| Date of publication, distribution, etc. | 1996. |
| 300 ## - PHYSICAL DESCRIPTION | |
| Extent | 276 p. : |
| Other physical details | retrs. ; |
| Dimensions | 22 cm. |
| 650 14 - SUBJECT ADDED ENTRY--TOPICAL TERM | |
| Topical term or geographic name entry element | Predicciones sociales |
| Geographic subdivision | Colombia |
| Chronological subdivision | Siglo XXI |
| Form subdivision | Ensayos, conferencias, etc. |
| 942 ## - ADDED ENTRY ELEMENTS (KOHA) | |
| Source of classification or shelving scheme | Dewey Decimal Classification |
| Koha item type | Libros |
| Classification part | 303.4909 |
| Item part | R741 |
| Withdrawn status | Lost status | Source of classification or shelving scheme | Damaged status | Not for loan | Collection | Home library | Current library | Shelving location | Date acquired | Source of acquisition | Cost, normal purchase price | Inventory number | Total checkouts | Full call number | Barcode | Date last seen | Copy number | Price effective from | Koha item type | Public note |
|---|---|---|---|---|---|---|---|---|---|---|---|---|---|---|---|---|---|---|---|---|
| Dewey Decimal Classification | General | Miguel Henríquez Castañeda | Miguel Henríquez Castañeda | General | 10/09/2018 | Biblioteca personal del Fundador | 45000.00 | 022429 | 303.4909_R741 | 022429 | 10/09/2018 | ej.1 | 03/31/2025 | Libros | 300-CIENSO |